• 首页
  • 本馆介绍
  • 公告通知
  • 最新文献
  • 馆藏检索
  • 电子资源
  • 读者导购
  • 参考咨询
  • 我的图书馆
  • 登录
  • 详细信息显示
  • 放入我的书架
  • 预约/预借图书
  • 作者相关作品
  • 分类相关作品
  • 丛书相关作品
  • 出版社相关作品

书目信息

  • 表格格式
  • 工作单格式
  • 卡片格式
题名:
让阅读真正发生
    
 
作者: 张媛 著
分册:  
出版信息: 北京   中国文联出版社有限公司  2023
页数: 316页
开本: 24cm
丛书名:
单 册:
中图分类: G423.02 , G423
科图分类:
主题词: 阅读课--教学研究
电子资源:
ISBN: 978-7-5190-4970-6
000 00878nam0 2200229 450
001 2341708472
005 20231204113519.57
010    @a978-7-5190-4970-6@dCNY82.00
100    @a20230322d2023 em y0chiy50 ea
101 0  @achi
102    @aCN@b110000
105    @aak z 000yy
200 1  @a让阅读真正发生@Arang yue du zhen zheng fa sheng@e整本书阅读之价值探寻与教学实践@f张媛著
210    @a北京@c中国文联出版社有限公司@d2023
215    @a316页@c图@d24cm
330    @a本书从整本书阅读教学价值探寻起笔,依据整本书阅读实施流程,依循流程讲解每个环节在教学中如何展开。主要内容包括:整本书阅读的研究背景、整本书阅读的研究意义、整本书阅读的目标要求、整本书阅读流程的整体设计、如何确定阅读书目的教学价值等。
606 0  @a阅读课@x教学研究
690    @aG423.02@v5
690    @aG423@v4
701  0 @a张媛@Azhang yuan@4著
801  0 @aCN@b91MARC@c20230419
905    @aZUCC@dG423@e62
    
    让阅读真正发生:整本书阅读之价值探寻与教学实践/张媛著.-北京:中国文联出版社有限公司,2023
    316页:图;24cm
    
    
    ISBN 978-7-5190-4970-6:CNY82.00
    本书从整本书阅读教学价值探寻起笔,依据整本书阅读实施流程,依循流程讲解每个环节在教学中如何展开。主要内容包括:整本书阅读的研究背景、整本书阅读的研究意义、整本书阅读的目标要求、整本书阅读流程的整体设计、如何确定阅读书目的教学价值等。
●
相关链接 在五车中查询图书 在当当中查询图书 在豆瓣中查询图书


正题名:让阅读真正发生     索取号:G423/62         预约/预借

序号 登录号 条形码 馆藏地/架位号 状态 备注
1 2001258775   2001258775   辽宁北方(第一批)/辽宁北方(第一批)/133/ [索取号:G423/62] 在馆    
2 2001258776   2001258776   辽宁北方(第一批)/辽宁北方(第一批)/133/ [索取号:G423/62] 在馆    
3 2001258777   2001258777   辽宁北方(第一批)/辽宁北方(第一批)/133/ [索取号:G423/62] 在馆    
4 2001258778   2001258778   辽宁北方(第一批)/辽宁北方(第一批)/133/ [索取号:G423/62] 在馆    
5 2001258779   2001258779   辽宁北方(第一批)/辽宁北方(第一批)/133/ [索取号:G423/62] 在馆    
6 2001258780   2001258780   辽宁北方(第一批)/辽宁北方(第一批)/133/ [索取号:G423/62] 在馆    
山东省滨州职业学院图书馆 欢迎您!
大连网信软件有限公司© 版权所有